<?xml version="1.0" encoding="UTF-8"?>
<record
    xmlns:xsi="http://www.w3.org/2001/XMLSchema-instance"
    xsi:schemaLocation="http://www.loc.gov/MARC21/slim http://www.loc.gov/standards/marcxml/schema/MARC21slim.xsd"
    xmlns="http://www.loc.gov/MARC21/slim">

  <leader>02259agaaa2200337   4500</leader>
  <controlfield tag="001">4810</controlfield>
  <controlfield tag="003">IT-RoPAU</controlfield>
  <controlfield tag="005">20220918181251.0</controlfield>
  <controlfield tag="007">d cvaizq</controlfield>
  <controlfield tag="008">50131s9999||||xx ||| |     ||   ||und||</controlfield>
  <datafield tag="040" ind1=" " ind2=" ">
    <subfield code="a">IT-RoPAU</subfield>
    <subfield code="c">IT-RoPAU</subfield>
  </datafield>
  <datafield tag="041" ind1=" " ind2=" ">
    <subfield code="a">ITALIANO</subfield>
  </datafield>
  <datafield tag="100" ind1=" " ind2=" ">
    <subfield code="a">Altman Robert</subfield>
    <subfield code="g">Codice regista SPICS: 9953</subfield>
    <subfield code="9">49056</subfield>
  </datafield>
  <datafield tag="130" ind1=" " ind2=" ">
    <subfield code="a">FORTUNA DI COOKIE (LA)</subfield>
    <subfield code="9">49057</subfield>
  </datafield>
  <datafield tag="240" ind1=" " ind2=" ">
    <subfield code="a">COOKIE'S FORTUNE</subfield>
    <subfield code="g">T3439</subfield>
  </datafield>
  <datafield tag="245" ind1=" " ind2=" ">
    <subfield code="a">FORTUNA DI COOKIE (LA)</subfield>
    <subfield code="c">Prodotto da: Altman R. Stroh E. -- Sceneggiatura: Rapp Anne -- Diretto da: Altman Robert</subfield>
    <subfield code="p">FORTUNA DI COOKIE (LA) (Rif. Codice opera principale : H4810)</subfield>
  </datafield>
  <datafield tag="246" ind1=" " ind2=" ">
    <subfield code="a">COOKIE'S FORTUNE</subfield>
  </datafield>
  <datafield tag="250" ind1=" " ind2=" ">
    <subfield code="a">Edizione Standard</subfield>
  </datafield>
  <datafield tag="260" ind1=" " ind2=" ">
    <subfield code="a">SA (USA)</subfield>
    <subfield code="b">ELYSIAN DREAMS - KUDZU - MOONTSTONE ENT. / Distribuzione: LUCKY RED</subfield>
    <subfield code="g">"2004 (1&#xB0; ed.: 2004 ; Ed. Lingua Orig.: 1998)"</subfield>
  </datafield>
  <datafield tag="300" ind1=" " ind2=" ">
    <subfield code="a">DVD</subfield>
    <subfield code="b">sonoro, col.</subfield>
    <subfield code="c">114 minuti</subfield>
  </datafield>
  <datafield tag="508" ind1=" " ind2=" ">
    <subfield code="a">"Fotografia: Kurita Toyomichi; Montaggio: Lim Abraham; Musica: Stewart David A.; Sceneggiatura: Rapp Anne; Scenografia: Altman Stephen; "</subfield>
  </datafield>
  <datafield tag="511" ind1=" " ind2=" ">
    <subfield code="a">"Close Glenn; Moore Julianne; Tyler Liv; O'Donnell Chris; S.Dutton Charles; Neal Patri"</subfield>
  </datafield>
  <datafield tag="520" ind1=" " ind2=" ">
    <subfield code="a">LA ZIA COOKIE VIVE I SUOI ULTIMI ANNI SOLITARI TRA LA NOSTALGIA DEL SUO DEFUNTO E AMATISSIMO MARITO BUCK E IL CALORE DI UN PAIO DI AFFETTI: IL FEDELECUSTODE NERO WILLIE ED EMMA, LA PIU' GIOVANE DELLE TRE NIPOTI. CON LE ALTRE DUE, CAMILLE E CORA, I RAPPORTI SONO PESSIMI. LE DUE CONSIDERANO LA ZIA TROPPO STRAVAGANTE. FINO A QUANDO COOKIE DECIDE DI SUICIDARSI CON LA PISTOLADEL MARITO. UN SUICIDIO E' UN'ONTA NELLA COMUNITA' DI HOLLY SPRING NEL MISSISSIPI, SOLO I PAZZI SI SUICIDANO E ALLORA SVELTA SVELTA CAMILLE ORGANIZZAUNA MESSINSCENA AFFINCHE' PASSI PER UN OMICIDIO E DI CUI VIENE ACCUSATO WILLIE. MA IL CASTELLO DI SABBIA COSTRUITO DA CAMILLE NON REGGERA' PER MOLTO E WILLIE VERRA' SCAGIONATO.COMMEDIA MOLTO DIVERTENTE, SOTTILE E SATIRICA.</subfield>
  </datafield>
  <datafield tag="538" ind1=" " ind2=" ">
    <subfield code="a">PAL, STEREO</subfield>
  </datafield>
  <datafield tag="546" ind1=" " ind2=" ">
    <subfield code="a">ITALIANO</subfield>
  </datafield>
  <datafield tag="650" ind1=" " ind2=" ">
    <subfield code="a">COMMEDIA</subfield>
    <subfield code="e">DVD-FILM [DVD]</subfield>
    <subfield code="x">Codice MATERIA SPICS: 9947</subfield>
    <subfield code="9">36668</subfield>
  </datafield>
  <datafield tag="700" ind1=" " ind2=" ">
    <subfield code="a">Altman Robert </subfield>
    <subfield code="e">(regista)</subfield>
    <subfield code="g">Codice regista SPICS: 9953</subfield>
    <subfield code="9">49058</subfield>
  </datafield>
  <datafield tag="700" ind1=" " ind2=" ">
    <subfield code="a">Rapp Anne </subfield>
    <subfield code="e">(soggetto)</subfield>
    <subfield code="g">Codice Soggetto SPICS: 38789</subfield>
    <subfield code="9">49059</subfield>
  </datafield>
  <datafield tag="700" ind1=" " ind2=" ">
    <subfield code="a">Stewart David A.</subfield>
    <subfield code="e">(musica)</subfield>
    <subfield code="g">Codice Musica SPICS: 27942</subfield>
    <subfield code="9">49060</subfield>
  </datafield>
  <datafield tag="942" ind1=" " ind2=" ">
    <subfield code="c">DV</subfield>
    <subfield code="2">ddc</subfield>
  </datafield>
  <datafield tag="999" ind1=" " ind2=" ">
    <subfield code="c">106845</subfield>
    <subfield code="d">106845</subfield>
  </datafield>
  <datafield tag="952" ind1=" " ind2=" ">
    <subfield code="0">0</subfield>
    <subfield code="1">0</subfield>
    <subfield code="4">0</subfield>
    <subfield code="6">H_4810_000000000000000</subfield>
    <subfield code="7">1</subfield>
    <subfield code="a">SPICS</subfield>
    <subfield code="b">SPICS</subfield>
    <subfield code="d">2015-01-31</subfield>
    <subfield code="l">0</subfield>
    <subfield code="o">H4810</subfield>
    <subfield code="r">2015-01-31 00:00:00</subfield>
    <subfield code="w">2015-01-31</subfield>
    <subfield code="y">DV</subfield>
    <subfield code="z">Progr. Ins.: 3169 / N.Vol.:1 / Copie: 1 / Pag.:0 / Copia rara: n.d. / date import: 1.2.2015 / By Epidotti, Trombetti, Vaglietti</subfield>
  </datafield>
</record>
